Players with 450+ matches for one club (2000-) - Statistics

General Stats
  • This quiz has been taken 12 times
  • The average score is 16 of 20
Answer Stats
Rank Player Positions Nationality Club Matches Goals (assists) Period % Correct
8 Gianluigi Buffon GK 498 0 (0) 2001-2006, 2007-2018, 2019-2021
100%
6 Thomas Müller CF 503 150 (211) 2008-2025
100%
18 Francesco Totti CF 462 212 (118) 2000-2017
90%
13 Iker Casillas GK 483 0 (0) 2000-2015
90%
3 Lionel Messi RW 520 474 (216) 2004-2021
90%
12 Sergio Busquets DM 488 12 (35) 2008-2023
90%
17 Sergio Ramos CB 469 72 (30) 2005-2021
90%
5 Steve Mandanda GK 513 0 (0) 2007-2016, 2017-2022
90%
7 Steven Gerrard CM 500 129 (111) 2000-2015
90%
16 Xavi CM 477 58 (130) 2000-2015
90%
14 Javier Zanetti RB 481 4 (16) 2000-2014
80%
2 Jesús Navas RB 578 27 (99) 2003-2013, 2017-2025
80%
9 John Terry CB 497 44 (16) 2000-2017
80%
4 Koke CM 513 40 (97) 2009-2025
80%
10 Daniele De Rossi DM 490 46 (51) 2002-2019
70%
1 Igor Akinfeev GK 649 0 (3) 2002-2009, 2004-2009, 2008-2009, 2010-2025
70%
20 Jamie Carragher CB 459 1 (12) 2000-2013
70%
15 Iker Muniain AM 477 62 (57) 2009-2024
60%
11 Óscar de Marcos RB 489 31 (55) 2009-2025
60%
19 Sergio Pellissier ST 460 112 (36) 2002-2007, 2008-2019
20%
No matching quizzes found
Score Distribution
Percent of People with Each Score
Percentile by Number Answered
Your Score History
You have not taken this quiz